| 000 | 01244cam a2200289 i 4500 | ||
|---|---|---|---|
| 003 | SA-RiAUC | ||
| 005 | 20250628040652.0 | ||
| 008 | 250627s1987 ti g f000 0 ara c | ||
| 040 |
_aQA-DoQUL _bara _cSA-RiAUC _erda |
||
| 043 | _af-ti--- | ||
| 082 | 0 | 4 | _a916.1 |
| 090 |
_a916.1 _bب ا ر |
||
| 100 | 1 |
_aبارت، هاينريش، _d1821-1865 _eمؤلف. |
|
| 245 | 1 | 0 |
_aسبع رسائل مخطوطة لهاينريش بارت عن رحلته إلى تونس، 1845-1846 / _cتحقيق منير الفندري. |
| 246 | 3 | _a7 رسائل مخطوطة لهاينريش بارت عن رحلته إلى تونس، 1845-1846 | |
| 264 | 1 |
_aتونس : _bالمؤسسة الوطنية للترجمة والتحقيق والدراسات، _c1987 |
|
| 300 |
_a95 صفحة ؛ _c24 سم |
||
| 336 |
_aنص _btxt _2rdacontent _3كتاب |
||
| 337 |
_aبدون وسيط _bn _2rdamedia |
||
| 338 |
_aمجلد _bnc _2rdacarrier |
||
| 600 | 1 | 7 |
_aبارت، هاينريش، _d1821-1865 _xرحلات _zتونس _2aucnm |
| 651 | 7 |
_aتونس _xوصف ورحلات _2aucsh |
|
| 651 | 7 |
_aتونس _xتاريخ _vمصادر _2aucsh |
|
| 700 | 1 |
_aالفندري، منير، _d1949- _eمحقق. |
|
| 942 |
_2ddc _cBOOK _n0 |
||
| 949 |
_aSA-JeALM _d250627 _umohamedma123 _n1 |
||
| 999 |
_c9269 _d9269 |
||